| 000 | 00779 a2200229 4500 | ||
|---|---|---|---|
| 999 |
_c458002 _d458002 |
||
| 003 | UA-OsUOA | ||
| 005 | 20200213092107.0 | ||
| 008 | 200210b un ||||| |||| 00| 0 ukr d | ||
| 040 |
_aUA-OsUOA _bukr _cUA-OsUOA _dUA-OsUOA |
||
| 041 | _aukr | ||
| 080 | _a82-31 | ||
| 090 |
_a82-31 _bП14 |
||
| 100 | _aПалій М. | ||
| 245 |
_aВесносінь _cМ. Палій _bповісті з життя |
||
| 260 |
_c1991 _aБуенос-Айрес _bВидавництво Юліяна Середяка |
||
| 300 | _a72 с. | ||
| 650 |
_2UDC _a82-32 Романи. Повісті |
||
| 700 | 1 | _aПалій М. | |
| 942 |
_cBK _2udc |
||
| 955 | _a3 | ||